JLPT N4 Kanji - Statistics

General Stats
  • This quiz has been taken 1,135 times
    863 since last reset
  • The average score is 69 of 181
Answer Stats
Kanji Meaning % Correct
Dog
73%
I, me, private
72%
Forest, woods
71%
Meat
68%
Heart, mind, spirit
66%
Rice field, rice paddy
66%
House
64%
Cow
62%
Power
62%
Bad
61%
Red
61%
Sea
61%
Stop
61%
Capital
60%
Early, fast, quick
60%
Gate
59%
Black
58%
Color
58%
Like, fond, pleasing
57%
Song, sing
57%
Town
57%
Winter
57%
Character, letter
56%
Death, die
56%
Generation, world, society
55%
Morning
55%
Older brother
55%
Tea
55%
Oneself, self
54%
Bird, chicken
53%
Open
53%
Plump, fat
53%
Wind
53%
City, market, town
52%
Doctor
52%
Light, ray
52%
Pull
52%
Correct
51%
Cut
51%
Evening
51%
Sound
51%
Autumn, fall
50%
Body
50%
Grove, woods
50%
Map, drawing, plan
50%
Night
50%
Summer
50%
Thing
50%
Think
50%
Walk, step
50%
Make, work, build
49%
Blue, green
48%
Bright
48%
Older sister
48%
Return, come home
48%
Strong
48%
Know, wisdom
47%
World
47%
Music, comfort, ease, easy, enjoy
46%
Run
46%
Same
46%
Spring
46%
Weak
46%
Wide
46%
Village, town
44%
Voice
44%
Younger sister
44%
-times
43%
Wait
43%
Younger brother
43%
Begin, start
42%
Face
42%
Ground, earth
42%
Location, place
42%
使 Use, order, messenger
42%
Near
41%
Beginning, base, origin
40%
Craft, construction
40%
Head
40%
Negative, not
40%
Place
40%
Thing, matter
40%
Flavor, taste
39%
Neck, head
39%
Paper
39%
Picture, brush-stroke
39%
Pond
39%
England
38%
Heavy
38%
Hold, have
38%
Move
38%
Ride, board, power
38%
Sell
38%
Teach
38%
Utilize, use, business
38%
Cold
37%
Direction
37%
Parent
37%
Rise up, get up, wake up
36%
Room
36%
Silver
36%
Someone, person
36%
Weekday
36%
Dwell, live, reside, inhabit
35%
Employee, Member
35%
End, finish
35%
Goods
35%
Master, lord, main
35%
Prefecture
35%
Solution, answer
35%
Distant, far
34%
Plan, Measure
34%
Sentence
34%
Clothing, clothes
33%
Medicine
33%
Wash
33%
Question, ask
31%
Substitute, replace, change, period, age
31%
Work
31%
Copy, to be photographed
30%
Don, wear
30%
Fit, suit, join, match, unite
29%
Hot, heat, sultry, midsummer
29%
Ill, sick
29%
Learn
29%
China, chinese
28%
Send
28%
Trip, travel
28%
Idea
27%
Plains, field
27%
Vegetable
27%
Tribe, family
26%
Build
25%
Darkness
25%
Metropolis, capital, city
25%
Roof
25%
Building
24%
Gather, meet
24%
Meal
24%
Special
24%
Ward
24%
Consider, think over
23%
Daytime
23%
Degrees
23%
Hurry
23%
Logic, reason
22%
Possess, have
22%
Short
22%
Test, try, attempt
22%
Pedestal, stand, machines
21%
Attend, doing, serve
20%
Separate
20%
Carry
19%
Leave, go away, gone
19%
Research, study
19%
Revolve, turn
19%
Advance
18%
Borrow, rent
18%
Business, vocation
18%
Hall
18%
Institution
18%
Lend
18%
Reflect
18%
True, reality
18%
Departure, discharge
17%
Pour
17%
Traffic
17%
Ocean
16%
People
16%
Sharpen, polish
16%
Verification, test, examination
16%
by means of, because
15%
便 Convenience, feces
14%
Opinion, explanation, theory
14%
Produce, production, give birth
14%
Quality, value
14%
Topic
14%
Fee
13%
Lower, short
11%
Exertion, endeavour, strive
8%
Lightly, unimportant
8%
No matching quizzes found
Score Distribution
Percent of People with Each Score
Percentile by Number Answered
Your Score History
You have not taken this quiz since the last reset